00764 2200253 4500001002100000005001500021035002000036007000300056008004100059020001800100100002300118245005800141250001200199300004400211264003500255336002100290337003000311338002300341082001200364084001800376650005100394650005200445990001300497INLIS00000000112085420230814035434 a0010-0823000291ta230814 0 ind a97860262150000 aMuhamadePengarang1 aSistem Bagi Hasil dan Pricing Bank Syariah /cMuhamad aEdisi 1 axxiv, 232 Halaman :bilustrasi ;c21 cm aYogyakarta :bUII Press,c2016 2rdacontentaTeks 2rdamediaaTanpa Perantara 2rdacarrieraVolume a297.427 a297.427 MUH s 4aBank Dan Perbankan -- Islam -- Aspek Keagamaan 4aBanks And Banking -- Islam -- Religious Aspects a23/00372